000 00534nam a22002177a 4500
003 OSt
005 20220107122727.0
008 140101b xxu||||| |||| 00| 0 eng d
020 _a9788132110187
040 _cIIITM-K
082 _a658.4092 GLE/C
100 _aRowe, W Glenn
_92647
245 _aCases in leadership
250 _a3rd ed.
260 _aNew Delhi,
_bSage,
_c2013.
300 _axi, 513p.
650 _aMANAGEMENT
_92648
650 _aLEADERSHIP THEORY
_92649
700 _aGuerrero, Laura
_92650
942 _2ddc
_cBK
999 _c3460
_d3460